000 01961nam a2200313 a 4500
001 54231
003 AR-BaAGN
005 20240603104025.0
007 ta
008 s ag |||||r|||| ||| ||spa d
020 _a978-987-558-852-3
040 _aAR-BaAGN
_bspa
_eaacr
100 1 _aChelotti, Verónica Raquel
_98245
_eaut
110 1 _aUniversidad Nacional de Quilmes
_bDepartamento de Ciencias Sociales
245 1 4 _aDel exiliado económico al sudaca ilustrado :
_bArgentinos migrantes en el cine del estallido /
_cVerónica Raquel Chelotti.
250 _a1a ed.
260 _aBernal :
_bUniversidad Nacional de Quilmes,
_c2023.
300 _a198 páginas ;
_c20 cm.
336 _btxt
_2rdacontent
337 _bn
_2rdamedia
338 _bnc
_2rdacarrier
490 0 _aSerie Tesis Grado
500 _aÍndice: p. 5-7.
520 3 _aEn la memoria colectiva, la crisis del 2001 despliega múltiples connotaciones y evoca experiencias traumáticas. La emigración masiva es, sin duda, una de ellas. En este libro, se analiza la diáspora más importante de la historia argentina, tras el fracaso de la década neoliberal, y la elección de España como lugar de destino. Atravesada por su propia trayectoria migratoria, y ante la escasez de estudios sobre el tema, Verónica Chelotti reafirma la necesidad de indagar acerca de este complejo proceso y elige hacerlo desde la mirada del cine, en tanto legitimado constructor y reproductor de memorias e imaginarios sociales. A partir de cuatro filmes-fuentes, dos argentinos (Lugares comunes y Güelcom) y dos españoles (Abrígate y Pagafantas), la autora desmonta estereotipos e invita a reflexionar, de forma aguda, sobre la construcción identitaria de los migrantes argentinos de la poscrisis y sobre las representaciones respecto del país que los expulsa y del país que los recibe.
650 4 _aCINE
_91493
650 4 _aCINE ARGENTINO
_95496
650 4 _aEXÍLIO
_91692
942 _cLIBRO
_n0
999 _c54231
_d54231